000 00409nab a2200145Ia 4500
003 ES-SlBCS
005 20210601141306.0
008 140529s2009 xxu||||| |||| 00| 0 spa d
041 _aspa
100 1 _aArranz Roa, Íñigo
_976846
245 0 0 _aCompetencias para ser feliz
_c Íñigo Arranz Roa
650 0 4 _aCompetencias
_9213880
773 0 _tEducadores
_gnº. 229, 2009, págs. 50-67
_wRev370
942 _cAR
999 _c658338
_d658338